Chaos, fractals, and dynamics : computer experiments in mathematics

Αποθηκεύτηκε σε:
Λεπτομέρειες βιβλιογραφικής εγγραφής
Κύριος συγγραφέας: Devaney, Robert L. 1948-
Μορφή: Βιβλίο
Γλώσσα:English
Δημοσίευση: Menlo Park, Calif. : Addison-Wesley Pub. Co., c1990
Θέματα:
Ετικέτες: Προσθήκη ετικέτας
Δεν υπάρχουν, Καταχωρήστε ετικέτα πρώτοι!

MARC

LEADER 00000nam a2200000 i 4500
001 1/28147
008 941103s1990 eng d
020 |a 020123288X 
035 |l 10038003 
035 |a 1993  |c ΒΙΒΛΙΟΘΗΚΗ 
040 |a GR-MY-UA  |b gre  |e aacr 
041 0 |a eng 
082 0 |a 515.352  |2 (20) 
100 1 |a Devaney, Robert L.  |d 1948- 
245 1 0 |a Chaos, fractals, and dynamics :  |b computer experiments in mathematics /  |c Robert L. Devaney 
260 |a Menlo Park, Calif. :   |b Addison-Wesley Pub. Co.,   |c c1990 
300 |a x, 181 p., [16] p. of plates;  |b ill. (some col.);  |c 24 cm 
504 |a Includes bibliographical references (p. 177-178) 
650 0 0 |a Fractals. 
650 0 0 |a Chaotic behavior in systems. 
650 0 0 |a Computer graphics. 
650 0 0 |a Mathematics  |x Data processing. 
852 |a INST  |b SAMOS  |e 19941103  |h 515.352 DEV  |p 005300007522  |q 005300007522  |t BK  |y 0 
909 |a Σ  |b 029487